Welcome to CU Library Online Public Access Catalogue (OPAC)

The law of mortgages in Ghana / (Record no. 443)

MARC details
000 -LEADER
fixed length control field 00541cam a2200169 i 4500
001 - CONTROL NUMBER
control field 20181937
005 - DATE AND TIME OF LATEST TRANSACTION
control field 20241031113314.0
008 - FIXED-LENGTH DATA ELEMENTS--GENERAL INFORMATION
fixed length control field 171211s2017 gh b 001 0 eng
020 ## - INTERNATIONAL STANDARD BOOK NUMBER
International Standard Book Number 9789988258245
050 00 - LIBRARY OF CONGRESS CALL NUMBER
Classification number KRX717
Item number .D56 2017
100 1# - MAIN ENTRY--PERSONAL NAME
Personal name Djokoto, Godwin,
Relator term author.
245 14 - TITLE STATEMENT
Title The law of mortgages in Ghana /
Statement of responsibility, etc. Godwin Djokoto, LL.B (Hons), B.L. (Ghana), LL.M (Dalhousie).
260 ## - PUBLICATION, DISTRIBUTION, ETC.
Place of publication, distribution, etc. Accra, Ghana
Name of publisher, distributor, etc. Frontiers Printing and Publishing
Date of publication, distribution, etc. 2017
300 ## - PHYSICAL DESCRIPTION
Extent xix, 244 pages ;
Dimensions 24 cm
650 #0 - SUBJECT ADDED ENTRY--TOPICAL TERM
Topical term or geographic name entry element Mortgages
Geographic subdivision Ghana.
942 ## - ADDED ENTRY ELEMENTS (KOHA)
Source of classification or shelving scheme Library of Congress Classification
Koha item type Books
Suppress in OPAC No
999 ## -
-- 443
-- 443
Holdings
Withdrawn status Lost status Source of classification or shelving scheme Damaged status Not for loan Collection Home library Current library Shelving location Date acquired Total checkouts Full call number Barcode Date last seen Copy number Price effective from Koha item type
    Library of Congress Classification     Non-fiction Law Library Annex (Miotso) Law Library Annex (Miotso) Reference 10/31/2024   KRX 717.D56 DJO LLM00000023 10/31/2024 1 10/31/2024 Books
© 2023-2024 Copyright: Central University Libraries. All Rights Reserved | Created by: Mahone Tech Office